Acoustic phonetics /

Bibliographic Details
Main Author: Stevens, Kenneth N., 1924-
Corporate Author: NetLibrary, Inc
Format: eBook
Language:English
Published: Cambridge, Mass. : MIT Press, [1998]
Series:Current studies in linguistics series ; 30.
Subjects:
Online Access:Connect to the full text of this electronic book

MARC

Tag First Indicator Second Indicator Subfields
LEADER 00000cam a2200000La 4500
001 in00001634708
005 20220105104550.0
006 m u
007 cr cn-
008 001007s1998 maua sb 001 0 eng d
010 |z  97046999  
020 |a 0585087202 (electronic bk.) 
020 |z 026219404X 
035 |a (OCoLC)ocm42856189 
040 |a N$T  |c N$T  |d OCL  |d UtOrBLW 
049 |a IKMN 
050 1 4 |a P221.5  |b .S74 1998eb 
082 0 4 |a 414/.8  |2 21 
100 1 |a Stevens, Kenneth N.,  |d 1924-  |0 http://id.loc.gov/authorities/names/n85203593 
245 1 0 |a Acoustic phonetics /  |c Kenneth N. Stevens. 
264 1 |a Cambridge, Mass. :  |b MIT Press,  |c [1998] 
264 4 |c ©1998 
300 |a viii, 607 pages :  |b illustrations ;  |c 26 cm. 
336 |a text  |b txt  |2 rdacontent 
337 |a computer  |b c  |2 rdamedia 
338 |a online resource  |b cr  |2 rdacarrier 
490 1 |a Current studies in linguistics ;  |v 30 
504 |a Includes bibliographical references (pages [583]-602) and index. 
533 |a Electronic reproduction.  |b Boulder, Colo. :  |c NetLibrary,  |d 1999.  |n Available via the World Wide Web.  |n Available in multiple electronic file formats.  |n Access may be limited to NetLibrary affiliated libraries. 
500 |a Electronic resource. 
650 0 |a Phonetics, Acoustic.  |0 http://id.loc.gov/authorities/subjects/sh85101054 
655 7 |a Electronic books.  |2 local 
710 2 |a NetLibrary, Inc.  |0 http://id.loc.gov/authorities/names/no99080690 
776 1 |c Original  |w (DLC) 97046999  |w (OCoLC)37935283 
830 0 |a Current studies in linguistics series ;  |v 30.  |0 http://id.loc.gov/authorities/names/n83705646 
856 4 1 |u https://proxy.library.tamu.edu/login?url=http://www.netlibrary.com/urlapi.asp?action=summary&v=1&bookid=9234  |z Connect to the full text of this electronic book  |t 0 
994 |a 92  |b IKM 
999 |a MARS 
999 f f |s 6a20e0b8-d7a7-39ea-a5b5-e6e3ef79e1d1  |i 3b8eab0e-ec98-3ad0-8454-ef1346a76b25  |t 0 
952 f f |a Texas A&M University  |b College Station  |c Electronic Resources  |d Available Online  |t 0  |e P221.5 .S74 1998eb  |h Library of Congress classification 
998 f f |a P221.5 .S74 1998eb  |t 0  |l Available Online